El acorazado "Bismarck" (Record no. 77786)

MARC details
000 -LEADER
campo de control de longitud fija 00868nam a2200241 i 4500
001 - NÚMERO DE CONTROL
campo de control 77786
003 - IDENTIFICADOR DE NÚMERO DE CONTROL
campo de control ES-MaACL
005 - FECHA Y HORA DE LA ÚLTIMA TRANSACCIÓN
campo de control 20230906173357.0
007 - CAMPO FIJO DE DESCRIPCIÓN FÍSICA--INFORMACIÓN GENERAL
campo de control de longitud fija t|
008 - DATOS DE LONGITUD FIJA--INFORMACIÓN GENERAL
campo de control de longitud fija 041110s1982 sp af ||||1|dspa d
020 ## - NÚMERO INTERNACIONAL ESTÁNDAR DEL LIBRO
Número Internacional Estándar del Libro 84-261-1915-8
080 ## - NÚMERO DE LA CLASIFICACIÓN DECIMAL UNIVERSAL
Número de la Clasificación Decimal Universal 355.49(43)"1939/45"
080 ## - NÚMERO DE LA CLASIFICACIÓN DECIMAL UNIVERSAL
Número de la Clasificación Decimal Universal 929 Müllenheim-Rechberg, Burkard von. Freiherr
100 1# - ENTRADA PRINCIPAL--NOMBRE DE PERSONA
Nombre de persona Muellenheim-Rechberg, Burkard von
Títulos y otros términos asociados al nombre Freiherr.
9 (RLIN) 155410
245 13 - MENCIÓN DEL TÍTULO
Título El acorazado "Bismarck"
Resto del título : relato de un superviviente /
Mención de responsabilidad, etc. Barón Burkard von Müllenheim-Rechberg ; traducción [del inglés] de Luis de la Sierra.
250 ## - MENCION DE EDICION
Mención de edición 1ª ed.
260 ## - PUBLICACIÓN, DISTRIBUCIÓN, ETC.
Lugar de publicación, distribución, etc. Barcelona :
Nombre del editor, distribuidor, etc. Juventud,
Fecha de publicación, distribución, etc. 1982.
300 ## - DESCRIPCIÓN FÍSICA
Extensión 282 p., lám. :
Otras características físicas il. ;
Dimensiones 22 cm.
610 24 - PUNTO DE ACCESO ADICIONAL DE MATERIA--NOMBRE DE ENTIDAD CORPORATIVA
Nombre de entidad corporativa o nombre de jurisdicción como elemento de entrada Bismarck (Barco)
9 (RLIN) 148177
650 14 - PUNTO DE ACCESO ADICIONAL DE MATERIA--TÉRMINO DE MATERIA
Término de materia o nombre geográfico como elemento de entrada Guerra mundial, 1939-1945-
Subdivisión general Operaciones navales.
9 (RLIN) 13248
700 1# - ENTRADA AGREGADA--NOMBRE PERSONAL
Nombre de persona Sierra, Luis de la.
9 (RLIN) 106258
852 ## - LOCALIZACIÓN
Ubicación ES-MaACL
Número de control de estantería E-10288
Holdings
Estatus retirado Estado de pérdida Estado de daño No para préstamo Biblioteca de origen Biblioteca actual Ubicación en estantería Fecha de adquisición Fuente de adquisición Total de préstamos Signatura topográfica completa Código de barras Visto por última vez Precio de reemplazo Tipo de ítem Koha
        Biblioteca del Ateneo de Madrid Biblioteca del Ateneo de Madrid Depósito 2 17/01/2008     E-10288 1081376 23/02/2023 23/02/2023 Libro impreso